Story of the three little pigs and other tales (The) / (Record no. 111880)
[ view plain ]
| 000 -LEADER | |
|---|---|
| fixed length control field | 00583nam a2200193 a 4500 |
| 001 - CONTROL NUMBER | |
| control field | 2338 |
| 005 - DATE AND TIME OF LATEST TRANSACTION | |
| control field | 20140414131923.0 |
| 008 - FIXED-LENGTH DATA ELEMENTS--GENERAL INFORMATION | |
| fixed length control field | 010727s19uu xx 00 eng d |
| 020 ## - INTERNATIONAL STANDARD BOOK NUMBER | |
| International Standard Book Number | 2-921171-11-2 |
| 050 ## - LIBRARY OF CONGRESS CALL NUMBER | |
| Classification number | ER |
| Item number | St6 |
| 100 ## - MAIN ENTRY--PERSONAL NAME | |
| Personal name | Holeinone, Peter |
| 245 ## - TITLE STATEMENT | |
| Title | Story of the three little pigs and other tales (The) / |
| Statement of responsibility, etc | text by Peter Holeinone ; illustrated by Tony Wolf. |
| 260 ## - PUBLICATION, DISTRIBUTION, ETC. (IMPRINT) | |
| Place of publication, distribution, etc | Canada : |
| Name of publisher, distributor, etc | Tormont. |
| 300 ## - PHYSICAL DESCRIPTION | |
| Extent | 55 p. : ill. ; cm. |
| 440 ## - SERIES STATEMENT/ADDED ENTRY--TITLE | |
| Title | Great Fairy Tale Classics |
| 650 ## - SUBJECT ADDED ENTRY--TOPICAL TERM | |
| Topical term or geographic name as entry element | Children's stories. |
| 650 ## - SUBJECT ADDED ENTRY--TOPICAL TERM | |
| Topical term or geographic name as entry element | Collection of short stories. |
| Withdrawn status | Lost status | Damaged status | Use restrictions | Home library | Current library | Shelving location | Date acquired | Source of acquisition | Total Checkouts | Full call number | Barcode | Date last seen | Price effective from | Koha item type |
|---|---|---|---|---|---|---|---|---|---|---|---|---|---|---|
| Munich Library | Munich Library | Easy Reading Section | 05/26/2005 | ER St6 | M2797 | 04/14/2014 | 04/14/2014 | Books |